Developing Data Structured Databases

Uložené v:
Podrobná bibliografia
Médium: Kniha
Jazyk:English
Vydavateľské údaje: Englewood Cliffs Prentice-Hall 1987
Vydanie:1. ed.
Tagy: Pridať tag
Žiadne tagy, Buďte prvý, kto otaguje tento záznam!

MARC

LEADER 00000nam a2200000 4500
001 c028707
005 20221219115654.0
041 0 |a eng 
044 |a US 
245 1 0 |a Developing Data Structured Databases 
250 |a 1. ed. 
264 1 |a Englewood Cliffs  |b Prentice-Hall  |c 1987 
300 |a 226 s.